<?xml version="1.0" encoding="UTF-8"?>
<marc:record xmlns:marc="http://www.loc.gov/MARC21/slim">
   <marc:leader>00000nam a2200000 a 4500</marc:leader>
   <marc:datafield ind1="0" ind2="0" tag="245">
      <marc:subfield code="a">Die Deutschen</marc:subfield>
   </marc:datafield>
   <marc:datafield ind1="0" ind2="0" tag="245">
      <marc:subfield code="c">von Guido Knopp ; Stefan Brauburger ; Peter Arens</marc:subfield>
   </marc:datafield>
   <marc:datafield ind1=" " ind2="1" tag="264">
      <marc:subfield code="a">München</marc:subfield>
      <marc:subfield code="b">Goldmann</marc:subfield>
      <marc:subfield code="c">2011</marc:subfield>
   </marc:datafield>
   <marc:datafield ind1="1" ind2=" " tag="490">
      <marc:subfield code="a">Goldmann</marc:subfield>
      <marc:subfield code="v">15676</marc:subfield>
   </marc:datafield>
   <marc:datafield ind1=" " ind2=" " tag="250">
      <marc:subfield code="a">1. Aufl.</marc:subfield>
   </marc:datafield>
   <marc:datafield ind1="1" ind2=" " tag="520">
      <marc:subfield code="a">Angaben aus der Verlagsmeldung

Die Deutschen von Karl dem Großen bis Rosa Luxemburg / von Guido Knopp, Stefan Brauburger, Peter Arens

Die Geschichte der Deutschen in zehn neuen Porträts herausragender Persönlichkeiten lebendig erzählt

Nach dem überragenden Erfolg von „Die Deutschen“ widmen sich die ZDF-Historiker ein weiteres Mal der Geschichte der Deutschen. Wieder stehen zehn herausragende Persönlichkeiten im Mittelpunkt, anhand derer ganze Epochen und große historische Wendepunkte beleuchtet werden. Der reich illustrierte Band spannt einen Bogen, der sich über mehr als tausend Jahre erstreckt – von Karl dem Großen, der eine gemeinsame religiöse und kulturelle Identität für das christliche Abendland schuf, über Hildegard von Bingen und den „Märchenkönig“ Ludwig II. bis hin zu Rosa Luxemburg und Gustav Stresemann, die für ein besseres Deutschland vor dem heraufziehenden Nationalsozialismus stehen.

</marc:subfield>
   </marc:datafield>
   <marc:datafield ind1=" " ind2=" " tag="020">
      <marc:subfield code="a">9783442156764</marc:subfield>
      <marc:subfield code="9">9783442156764</marc:subfield>
   </marc:datafield>
   <marc:datafield ind1=" " ind2=" " tag="041">
      <marc:subfield code="a">ger</marc:subfield>
   </marc:datafield>
   <marc:datafield ind1=" " ind2=" " tag="300">
      <marc:subfield code="a">431 S.</marc:subfield>
   </marc:datafield>
</marc:record>
